000 00426nam a2200181Ia 4500
005 20240823010943.0
008 240823s9999||||xx |||||||||||||| ||und||
041 _aENGLISH
082 _A808.06665 N9
100 _a"Eckhouse,Barry"
245 0 _aCompetitive Communication
250 _a1st
260 _c1999
_b"Oxford,new York"
500 _aTRANSFERED
650 _aGeneral
_bGeneral
942 _cBK
999 _c160117
_d160117